000 00763nam a2200229 i 4500
001 76822
003 ES-MaACL
005 20250819000704.0
007 t|
008 041005s1983 sp ||||1| spa d
020 _a84-85873-04-1
080 _a221.017
100 1 _aGuillén Torralba, Juan.
_960794
245 1 3 _aLa fuerza oculta de Dios :
_bla elección en el Antiguo Testamento /
_cJuan Guillén Torralba.
260 _aCórdoba :
_bMonte de Piedad y Caja de Ahorros de Córdoba,
_c1983.
300 _a455 p. ;
_c24 cm.
630 0 4 _aBiblia.
_pA. T.-
_xCrítica e interpretación
_9119250
650 4 _aPredestinación.
_916341
710 2 _aMonte de Piedad y Caja de Ahorros de Córdoba.
_95763
852 _aES-MaACL
_jL-4180
999 _c76822
_d76822